| 000 | 00569nam a2200169 a 4500 | ||
|---|---|---|---|
| 001 | 000041040 | ||
| 005 | 20201002034554.0 | ||
| 008 | 130913s1995 sp r 000 0 spa d | ||
| 020 | _a840007498X | ||
| 040 |
_aDO-SdBNP _bspa _cBNPHU |
||
| 082 |
_axxxx _bC749 |
||
| 111 | 1 |
_aActas congreso UEAI _n(16a : _d1995 _cSalamanca, España) _967534 |
|
| 245 | 1 | 0 |
_aActas XVI congreso UEAI / _ceditores Concepción Vázquez de Benito y Miguel Ángel Manzano Rodríguez. |
| 260 |
_aSalamanca, España : _bCSIC, _c1995. |
||
| 300 |
_a575 p. ; _c24 cm. |
||
| 590 | _aInventariado, 2019/BT | ||
| 999 |
_c40530 _d40530 |
||